Statistics for Countries with the Most Precipitation with Exceptions

Click here to take the quiz!

General Stats

  • This quiz has been taken 90 times
  • The average score is 14 of 21

Answer Stats

PrecipitationCountry% Correct
270 cmIndonesia
96%
288 cmMalaysia
91%
250 cmSingapore
81%
272 cmBrunei
80%
190 cmCambodia
80%
235 cmPhilippines
80%
183 cmLaos
78%
314 cmPapua New Guinea
78%
209 cmMyanmar
76%
267 cmBangladesh
72%
197 cmMaldives
70%
233 cmSeychelles
63%
303 cmSolomon Islands
63%
204 cmMauritius
61%
320 cmSao Tome and Principe
61%
259 cmFiji
58%
220 cmBhutan
51%
194 cmIceland
51%
216 cmEquatorial Guinea
46%
239 cmLiberia
32%
253 cmSierra Leone
30%

Score Distribution

Percentile by Number Answered

Percent of People with Each Score

Your Score History

You have not taken this quiz